| 000 | 00544nam a22001817a 4500 | ||
|---|---|---|---|
| 999 |
_c8354 _d8354 |
||
| 008 | 201113b ||||| |||| 00| 0 eng d | ||
| 040 | _aBMS College of Architecture | ||
| 100 | _aKhater, K Nikita | ||
| 245 | _aEco tourism and biodiversity park | ||
| 300 | _a66p. | ||
| 500 | _a1BM15AT058 | ||
| 502 |
_8B,Arch _NBMS College of Architecture, Visvesvaraya Technological University (VTU) _aProject report _d2019 |
||
| 650 | _aTourism | ||
| 650 | _aPark | ||
| 700 |
_aAnirban Pal _eGuide |
||
| 700 |
_aSachin Shetty _eGuide |
||
| 942 |
_2ddc _cTHE |
||